000 01441nam a2200289 4500
001 0000017259
005 20250329172019.0
007 ta
008 160627s1995 000 0 eng d
020 _a9586003426
040 _aCO-CtgCURN
_bspa
_ccoctgcurn
082 0 _aR658.15
_bB82m
100 1 _aBrealey, Richard A.
245 1 0 _aManual de finanzas corporativas /
_cRichard A. Brealey , Stewart C. Myers.
250 _a4a. ed.
260 1 _aBogotá : :
_bMcGraw-Hill,,
_c1995.
300 _aV. 3.
500 _aIncluye indice.
505 8 _av.1 Por que son importantes las finanzas.--Valor actual y coste de oportunidad del capital.--Como calcular valores actuales.--v.2 Valor actual de acciones y obligaciones.--Por que el valor actual neto conduce a mejores decisiones de inversion que otros criterios.--v.3 Adopcion de decisiones de inversion con el criterio del valor actual neto.--Introducción al riesgo, rentabilidad y coste de oportunidad.--Riesgo y rentabilidad.--Presupuesto de capital y riesgo.--Problemas practicos en la elaboracion de presupuestos de capital
650 1 4 _aAdministración de empresas
_vFinanzas.
700 1 _aMyers, Stewart C.
908 _a160627
942 _cREF
_hR658.15
_iB82m
999 _c7391
_d7391